MARC

LEADER 00000nam0a2200000 4500
001 376172
005 20231101051901.0
035 |a (RuTPU)RU\TPU\retro\33612 
035 |a RU\TPU\book\227520 
090 |a 376172 
100 |a 20221221d1970 m y0rusy50 ca 
101 0 |a rus 
102 |a RU 
105 |a a z 001zy 
200 1 |a По Эрмитажу без экскурсовода  |f Ю. Г. Шапиро 
210 |a Ленинград  |c Аврора  |d 1970 
215 |a 200 с.  |c ил. 
320 |a Именной указатель: с. 195-197. 
610 1 |a Эрмитаж 
610 1 |a Зимний дворец 
610 1 |a коллекции 
610 1 |a памятники культуры 
610 1 |a искусство 
610 1 |a залы 
610 1 |a маршруты 
675 |a 7(069)  |v 3 
700 1 |a Шапиро  |b Ю. Г.  |g Юрий Горациевич 
801 1 |a RU  |b 63413507  |c 20120202 
801 2 |a RU  |b 63413507  |c 20221221  |g RCR 
942 |c BK